00719nam a2200217 a 450000100100000000500170001000800410002702000150006804000250008308200160010810000250012424000250014924501150017426000510028930000210034049000340036150000270039570000180042270000270044083000340046700003553620200930074420.0111103s2000 sp 000 0 spa d a8489920990 aDO-SdBNPbspacBNPHU axxxxbT662z1 aToms, Justine Willis10aTrue worklespañol13aEl zen del trabajo :bdel tedio al placer /cJustine Willis Toms, Michael Toms ; traducción Miguel Portillo. aBarcelona, España :bEdiciones Oniro,c2000. a235 p. ;c21 cm.1 aEmpresa y desarrollo personal aTraducido del inglés1 aToms, Michael1 aPortillo, Miguel,etr. 0aEmpresa y desarrollo personal